Determinants of net interest margin under regulatory requirements : an econometric study (Record no. 47689)

000 -LEADER
fixed length control field 01200pab a2200193 454500
008 - FIXED-LENGTH DATA ELEMENTS--GENERAL INFORMATION
fixed length control field 180718b2001 xxu||||| |||| 00| 0 eng d
100 ## - MAIN ENTRY--PERSONAL NAME
Personal name Kanan, R.
245 ## - TITLE STATEMENT
Title Determinants of net interest margin under regulatory requirements : an econometric study
260 ## - PUBLICATION, DISTRIBUTION, ETC.
Date of publication, distribution, etc. 2001
300 ## - PHYSICAL DESCRIPTION
Extent p.337-44
362 ## - DATES OF PUBLICATION AND/OR SEQUENTIAL DESIGNATION
Dates of publication and/or sequential designation 27 Jan
520 ## - SUMMARY, ETC.
Summary, etc. Using data for the period 1995-96 to 1999-2000, this paper seeks to identify the factors influencing spreads of Scheduled Commercial Banks in India. Among the explanatory variables, we incorporate, in addition to the standard set of variables, regulatory requirement variables. Our analysis reveals that (i) size does not necessarily correlate with higher spread, and (ii) higher fee income enables banks to tolerate lower spreads. With regard to regulatory requirement variables, it is found that (i) capital plays an important role in affecting spreads of public sector banks, and (ii) non-performing assets is uniformly important across all bank groups in influencing spreads. - Reproduced
650 ## - SUBJECT ADDED ENTRY--TOPICAL TERM
Topical term or geographic name entry element Banks - India
650 ## - SUBJECT ADDED ENTRY--TOPICAL TERM
Topical term or geographic name entry element Banks
700 ## - ADDED ENTRY--PERSONAL NAME
Personal name Ghosh, Saibal
700 ## - ADDED ENTRY--PERSONAL NAME
Personal name Narain, Aditya
773 ## - HOST ITEM ENTRY
Main entry heading Economic and Political Weekly
909 ## -
-- 47689
Holdings
Withdrawn status Lost status Damaged status Not for loan Permanent Location Current Location Date acquired Serial Enumeration / chronology Barcode Date last seen Price effective from Koha item type
        Indian Institute of Public Administration Indian Institute of Public Administration 2018-07-19 Volume no: 36, Issue no: 4 AR48117 2018-07-19 2018-07-19 Articles

Powered by Koha